00632nam a22001811i 4500001000400000090000800004100004100012200004600053215001700099700002700116701003700143210003100180225001400211410001400225996011500239990001100354995008500365682 a682 a20170304u u u0frey50 ba1 fMaria MontessoriaMontessiri em Família a87pd'21 cm' 1aMontessoribMaria4070 1aCorsinobLeonora Figueiredo4730 cPortugáliaaQueluzd19962 aPedagogia 0tPedagogia f0000744kMONm00000000n00000000aBMVAb1vViana do AlentejoxEducação. Ensino. Pedagogiay21eLivro1031 cLIVROS 00109793bBMVAdBMVAf0000747k159.9 MONo0rLIVROSuEm depósito caixa 37 VNT